Most-Played Songs on Spotify (As of November 2021) - Statistics

General Stats
  • This quiz has been taken 110 times
  • The average score is 25 of 36
Answer Stats
Musical Act % Correct
Ed Sheeran
97%
The Weeknd
94%
Drake
91%
Post Malone
90%
Post Malone and Swae Lee
90%
Justin Bieber
85%
Billie Eilish
82%
Billie Eilish and Khalid
82%
Imagine Dragons
80%
Queen
80%
Travis Scott
80%
Shawn Mendes and Camila Cabello
79%
Harry Styles
78%
XXXTentacion
78%
Ariana Grande
77%
Juice Wrld
77%
Camila Cabello
76%
The Chainsmokers and Coldplay
71%
Kendrick Lamar
67%
The Chainsmokers
66%
Dua Lipa
64%
John Legend
64%
Twenty One Pilots
63%
Hozier
62%
Tones And I
62%
Lewis Capaldi
60%
Lil Uzi Vert
60%
Luis Fonsi and Daddy Yankee
60%
Marshmello and Bastille
57%
Lady Gaga and Bradley Cooper
56%
Major Lazer and DJ Snake
53%
Passenger
46%
Alan Walker
42%
James Arthur
42%
Mike Posner
40%
DJ Snake
35%
No matching quizzes found
Score Distribution
Percent of People with Each Score
Percentile by Number Answered
Your Score History
You have not taken this quiz